A history of Namibia : from the beginning to 1990 (Record no. 202773)

MARC details
000 -LEADER
fixed length control field 00307nam a2200097Ia 4500
082 ## - DEWEY DECIMAL CLASSIFICATION NUMBER
Classification number 968.81|WALL
008 - FIXED-LENGTH DATA ELEMENTS--GENERAL INFORMATION
fixed length control field 210817s9999 xx 000 0 und d
100 ## - MAIN ENTRY--PERSONAL NAME
Personal name Wallace, Marion Auckland Park, South Africa, 2011
9 (RLIN) 63845
245 #0 - TITLE STATEMENT
Title A history of Namibia : from the beginning to 1990
942 ## - ADDED ENTRY ELEMENTS
item type Books
Holdings
Withdrawn status Lost status Damaged status Not for loan Home library Current library Date acquired Cost, normal purchase price Total Checkouts Barcode Date last seen Price effective from item type
        Emthonjeni PL (MMID-PLEMA-EMTH) Emthonjeni PL (MMID-PLEMA-EMTH) 18.08.2021 310.00   3322810090038 18.08.2021 18.08.2021 Books